[Event "Jan Macieja Memorial"]
[Site "Warsaw POL"]
[Date "2023.07.10"]
[Round "10.6"]
[White "Kokoszczynski, Jan"]
[Black "Kanarek, Marcel"]
[Result "1/2-1/2"]
[WhiteElo "2198"]
[BlackElo "2388"]
[EventDate "2023.07.10"]
[PlyCount "65"]

1.d4 Nf6 2.Bg5 Ne4 3.Bf4 d5 4.Nd2 Bf5 5.e3 e6 6.Ngf3 Bd6 7.Nxe4 Bxe4 8.Bg3 O-O 
9.Bd3 Bg6 10.O-O Bxg3 11.hxg3 Nd7 12.Bxg6 hxg6 13.Qe2 c5 14.Rfd1 Qb6 15.c3 Rac8 
16.a4 a5 17.Qb5 Qxb5 18.axb5 b6 19.g4 f6 20.g5 Rc7 21.Re1 Kf7 22.g3 f5 23.Kg2 
Rh8 24.Rh1 Rcc8 25.Rh4 Rxh4 26.gxh4 Ke7 27.Kg3 Kd6 28.Kf4 Rh8 29.Rd1 c4 30.Ra1 
Rh7 31.Rh1 Rh5 32.Ra1 Rh8 33.Rh1 1/2-1/2

[Event "Jan Macieja Memorial"]
[Site "Warsaw POL"]
[Date "2023.07.10"]
[Round "10.7"]
[White "Pacan-milej, Kosma"]
[Black "Koziorowicz, Michal"]
[Result "0-1"]
[WhiteElo "2302"]
[BlackElo "2253"]
[EventDate "2023.07.10"]
[PlyCount "57"]

1.d4 e6 2.c4 f5 3.Nf3 Nf6 4.g3 Be7 5.Bg2 d6 6.O-O O-O 7.b4 Ne4 8.Qb3 Bf6 9.Bb2 
Kh8 10.c5 d5 11.Nc3 Bd7 12.a4 Be8 13.b5 Bh5 14.Ba3 Bxf3 15.Bxf3 Nd2 16.Qb4 a5 
17.bxa6 Nxa6 18.Qxb7 Nxf1 19.Rxf1 Bxd4 20.Nb5 Bxc5 21.Bb2 Bb6 22.Rc1 Nc5 23.Qc6 
Nxa4 24.Be5 Qe8 25.Nxc7 Qxc6 26.Rxc6 Rfc8 27.Bh5 Bxc7 28.Bxc7 Ra7 29.Bb6 0-1

[Event "Jan Macieja Memorial"]
[Site "Warsaw POL"]
[Date "2023.07.10"]
[Round "10.8"]
[White "Tomczak, Jacek"]
[Black "Malek, Jan"]
[Result "1-0"]
[WhiteElo "2562"]
[BlackElo "2255"]
[EventDate "2023.07.10"]
[PlyCount "79"]

1.e4 c5 2.Nf3 d6 3.d4 cxd4 4.Nxd4 Nf6 5.Nc3 Bd7 6.Bc4 e6 7.O-O Be7 8.f4 Nc6 
9.Be3 a6 10.Bb3 Rc8 11.Qf3 O-O 12.Rad1 Qc7 13.Nde2 Na5 14.g4 Bc6 15.g5 Nd7 
16.Nd4 b5 17.Qh5 Nxb3 18.cxb3 b4 19.Nd5 exd5 20.Nf5 Nc5 21.Rf3 h6 22.gxh6 g6 
23.h7+ Kh8 24.Bd4+ f6 25.Qxg6 Bd8 26.Rg3 Qxh7 27.Qxh7+ Kxh7 28.Nxd6 Nxe4 
29.Rh3+ Kg8 30.Nxc8 Bd7 31.Rh5 Bg4 32.Rxd5 Bxd1 33.Be3 Bg4 34.Na7 Bc7 35.Nc6 
Be6 36.Rd4 f5 37.Rxb4 Kf7 38.Rb7 Rc8 39.Bb6 Bd5 40.Ne5+ 1-0

[Event "Jan Macieja Memorial"]
[Site "Warsaw POL"]
[Date "2023.07.10"]
[Round "10.9"]
[White "Padalka, Artem"]
[Black "Socko, Bartosz"]
[Result "0-1"]
[WhiteElo "2073"]
[BlackElo "2520"]
[EventDate "2023.07.10"]
[PlyCount "58"]

1.Nf3 Nf6 2.c4 e6 3.g3 d5 4.Bg2 dxc4 5.Qa4+ Nbd7 6.O-O a6 7.Qxc4 b5 8.Qc2 Bb7 
9.d3 c5 10.Nc3 Be7 11.e4 O-O 12.Re1 Rc8 13.e5 Nd5 14.Ne4 c4 15.dxc4 Rxc4 16.Qd3 
Nb4 17.Qb1 Nc2 18.Ned2 Rc7 19.Rd1 Qc8 20.b3 Nxa1 21.Qxa1 Rd8 22.Bb2 Nc5 23.Qb1 
Nd3 24.Ba1 Rc1 25.Rxc1 Qxc1+ 26.Qxc1 Nxc1 27.a4 Bxf3 28.Nxf3 Nxb3 29.Bc3 bxa4 0-1

[Event "Jan Macieja Memorial"]
[Site "Warsaw POL"]
[Date "2023.07.10"]
[Round "10.10"]
[White "Cherniaiev, Tykhon"]
[Black "Czerwonski, Aleksander"]
[Result "1-0"]
[WhiteElo "2450"]
[BlackElo "2242"]
[EventDate "2023.07.10"]
[PlyCount "35"]

1.Nf3 d6 2.d4 Bg4 3.e4 Nf6 4.Nbd2 e5 5.c3 Nc6 6.Bb5 a6 7.Bxc6+ bxc6 8.Qa4 Be7 
9.dxe5 dxe5 10.Nxe5 O-O 11.Nxc6 Qe8 12.Nxe7+ Qxe7 13.O-O Be2 14.Re1 Bd3 15.e5 
Rad8 16.Nf3 Bb5 17.Qh4 Nd5 18.Bg5 1-0

[Event "Jan Macieja Memorial"]
[Site "Warsaw POL"]
[Date "2023.07.10"]
[Round "10.11"]
[White "Kowalski, Igor"]
[Black "Sriram, Jha"]
[Result "1/2-1/2"]
[WhiteElo "2367"]
[BlackElo "2221"]
[EventDate "2023.07.10"]
[PlyCount "69"]

1.e4 e5 2.Nf3 Nf6 3.Nxe5 d6 4.Nf3 Nxe4 5.d4 d5 6.Bd3 Bf5 7.O-O Be7 8.Re1 O-O 
9.Nbd2 Nd6 10.Nf1 c6 11.Ng3 Bxd3 12.Qxd3 Na6 13.c3 Re8 14.Bf4 Nc7 15.Re2 Bf8 
16.Rxe8 Ndxe8 17.Re1 Ne6 18.Bd2 Nd6 19.h4 Qf6 20.Ng5 Nxg5 21.Bxg5 Qg6 22.Qf3 
Re8 23.Rxe8 Nxe8 24.Qe2 Qe6 25.Qxe6 fxe6 26.Ne2 Bd6 27.f3 Kf7 28.Kf2 h6 29.Bf4 
Kf6 30.g4 g5 31.hxg5+ hxg5 32.Bxd6 Nxd6 33.b3 e5 34.dxe5+ Kxe5 35.Ke3 1/2-1/2

[Event "Jan Macieja Memorial"]
[Site "Warsaw POL"]
[Date "2023.07.10"]
[Round "10.12"]
[White "Sengupta, Deep"]
[Black "Ochedzan, Tymon"]
[Result "1-0"]
[WhiteElo "2361"]
[BlackElo "2149"]
[EventDate "2023.07.10"]
[PlyCount "51"]

1.e4 c5 2.c3 d5 3.exd5 Qxd5 4.d4 Nf6 5.Nf3 Bg4 6.dxc5 Qxd1+ 7.Kxd1 e5 8.b4 Nc6 
9.h3 O-O-O+ 10.Bd2 Bh5 11.Kc1 e4 12.g4 exf3 13.gxh5 Nxh5 14.a4 Be7 15.a5 Ne5 
16.a6 Nd3+ 17.Bxd3 Rxd3 18.axb7+ Kxb7 19.Re1 Bh4 20.Re3 Rhd8 21.Kc2 Nf4 22.b5 
Bxf2 23.Re7+ R3d7 24.Rxd7+ Rxd7 25.c6+ Kc7 26.Bxf4+ 1-0

[Event "Jan Macieja Memorial"]
[Site "Warsaw POL"]
[Date "2023.07.10"]
[Round "10.13"]
[White "Malicka, Maria"]
[Black "Kiolbasa, Oliwia"]
[Result "1-0"]
[WhiteElo "2168"]
[BlackElo "2269"]
[EventDate "2023.07.10"]
[PlyCount "77"]

1.e4 e5 2.Nf3 Nc6 3.Bb5 a6 4.Ba4 d6 5.O-O Bd7 6.d4 Nf6 7.Nc3 Be7 8.dxe5 Nxe5 
9.Nxe5 dxe5 10.Bxd7+ Qxd7 11.Qxd7+ Nxd7 12.Nd5 Bd6 13.Be3 O-O-O 14.Rfd1 Nc5 
15.f3 b6 16.Rd2 Nb7 17.Rad1 Rde8 18.b4 g6 19.c4 f5 20.a3 Re6 21.Bf2 Bf8 22.Bg3 
Bh6 23.Rd3 fxe4 24.fxe4 Nd6 25.Nxb6+ Kb7 26.Nd7 Nxe4 27.Re1 Nxg3 28.Nc5+ Kc8 
29.Nxe6 Nf5 30.Rxe5 Re8 31.g4 Nd6 32.c5 Nc4 33.Re2 c6 34.g5 Bg7 35.Kf2 Ne5 
36.Rd6 Ng4+ 37.Kg3 Be5+ 38.Kxg4 Bxd6 39.cxd6 1-0

[Event "Jan Macieja Memorial"]
[Site "Warsaw POL"]
[Date "2023.07.10"]
[Round "10.14"]
[White "Nesterenko, Kyrylo"]
[Black "Sieciechowicz, Marcin"]
[Result "1/2-1/2"]
[WhiteElo "1941"]
[BlackElo "2294"]
[EventDate "2023.07.10"]
[PlyCount "62"]

1.Nf3 Nf6 2.e3 g6 3.b3 Bg7 4.Bb2 O-O 5.c4 c6 6.Be2 d5 7.cxd5 cxd5 8.O-O Nc6 
9.d3 Bg4 10.Nbd2 Rc8 11.a3 Qb6 12.h3 Bxf3 13.Nxf3 Rfd8 14.Rb1 Nd7 15.Bxg7 Kxg7 
16.d4 Nf6 17.Nd2 e5 18.dxe5 Nxe5 19.Nf3 Nxf3+ 20.Bxf3 Rc3 21.Qd4 Qxd4 22.exd4 
Rd3 23.Rfe1 Rc8 24.Re5 Rc7 25.Re3 Rxe3 26.fxe3 Kf8 27.Rb2 Ke7 28.Kf2 Kd6 29.Ke2 
Ne4 30.Bxe4 dxe4 31.Rc2 Rxc2+ 1/2-1/2

[Event "Jan Macieja Memorial"]
[Site "Warsaw POL"]
[Date "2023.07.10"]
[Round "10.15"]
[White "Socko, Monika"]
[Black "Mulawa, Cyprian"]
[Result "0-1"]
[WhiteElo "2326"]
[BlackElo "2081"]
[EventDate "2023.07.10"]
[PlyCount "86"]

1.d4 d5 2.c4 c6 3.cxd5 cxd5 4.Nc3 Nc6 5.e4 dxe4 6.d5 Ne5 7.Qa4+ Bd7 8.Qxe4 Ng6 
9.Bc4 Nf6 10.Qe2 a6 11.a4 Rc8 12.Nf3 Qc7 13.Ba2 Nf4 14.Bxf4 Qxf4 15.h3 g6 
16.O-O Bg7 17.Rad1 O-O 18.Rd4 Qd6 19.Re1 Rfe8 20.Rdd1 Qb4 21.Ne5 Bxa4 22.Nxa4 
Qxa4 23.Ra1 Qb4 24.Red1 Qe4 25.Re1 Qxe2 26.Rxe2 Rcd8 27.Rd1 e6 28.Ng4 Nxd5 
29.Bxd5 exd5 30.Rxd5 h5 31.Rxe8+ Rxe8 32.Ne3 Bxb2 33.Rd7 b5 34.Rb7 Re6 35.Nd5 
Bd4 36.Kf1 Kg7 37.Rb8 Rc6 38.f3 Rc2 39.g4 Rf2+ 40.Kg1 Rxf3+ 41.Kg2 Rf2+ 42.Kg3 
Rd2 43.Nc7 Be5+ 0-1

[Event "Jan Macieja Memorial"]
[Site "Warsaw POL"]
[Date "2023.07.10"]
[Round "10.16"]
[White "Pires, Emanuel Joao Robarts"]
[Black "Bartel, Michal"]
[Result "1-0"]
[WhiteElo "2005"]
[BlackElo "2282"]
[EventDate "2023.07.10"]
[PlyCount "93"]

1.e4 e5 2.Nf3 Nc6 3.Bc4 g6 4.O-O Bg7 5.Nc3 Nge7 6.a3 O-O 7.d3 d6 8.Bg5 h6 9.Be3 
Kh7 10.d4 Bd7 11.Qd2 Qe8 12.Rad1 Bg4 13.dxe5 Bxf3 14.exd6 Ne5 15.dxe7 Qxe7 
16.Be2 Rad8 17.Qe1 Bxe2 18.Qxe2 Qe6 19.Nd5 c6 20.Nf4 Qc4 21.Bxa7 Rde8 22.Qxc4 
Nxc4 23.Bc5 Rg8 24.b3 Rxe4 25.g3 Ne5 26.Kg2 g5 27.Nd3 Ng6 28.Rfe1 Ree8 29.a4 f5 
30.f3 f4 31.Nf2 fxg3 32.hxg3 Bc3 33.Re4 h5 34.Rd7+ Kh6 35.Rxb7 h4 36.Ng4+ Kh5 
37.Rc4 Re2+ 38.Kf1 Re1+ 39.Kf2 hxg3+ 40.Kxg3 Nf4 41.Rxc3 Kg6 42.Kf2 Re2+ 43.Kf1 
Rh8 44.Rc7 Rh1+ 45.Bg1 Rg2 46.R3xc6+ Kf5 47.Rf6# 1-0

[Event "Jan Macieja Memorial"]
[Site "Warsaw POL"]
[Date "2023.07.10"]
[Round "10.17"]
[White "Zochowski, Kacper"]
[Black "Smetek, Michal"]
[Result "1-0"]
[WhiteElo "2262"]
[BlackElo "2036"]
[EventDate "2023.07.10"]
[PlyCount "61"]

1.Nf3 Nf6 2.c4 c6 3.b3 g6 4.Bb2 Bg7 5.g3 O-O 6.Bg2 d5 7.O-O a5 8.Nc3 Ne4 9.Qc1 
Nxc3 10.Bxc3 Bxc3 11.Qxc3 a4 12.h4 h5 13.Ng5 axb3 14.axb3 Rxa1 15.Rxa1 dxc4 
16.bxc4 Nd7 17.Ne4 Qc7 18.c5 Ne5 19.d4 Ng4 20.e3 Bf5 21.Ng5 Nf6 22.Qa5 Qd7 
23.Qb6 Nd5 24.Qb3 Nf6 25.Ra7 Rb8 26.Qxf7+ Kh8 27.e4 Qxd4 28.exf5 gxf5 29.Qg6 
Qd1+ 30.Bf1 Qd5 31.Nf7+ 1-0

[Event "Jan Macieja Memorial"]
[Site "Warsaw POL"]
[Date "2023.07.10"]
[Round "10.18"]
[White "Chylewski, Patryk"]
[Black "Bazilius, Augustinas"]
[Result "1/2-1/2"]
[WhiteElo "2226"]
[BlackElo "2050"]
[EventDate "2023.07.10"]
[PlyCount "139"]

1.e4 c5 2.Nf3 d6 3.c3 Nf6 4.h3 Nc6 5.Bd3 e5 6.Bc2 d5 7.exd5 Qxd5 8.d3 Bf5 9.Nh4 
Bg6 10.O-O O-O-O 11.Nxg6 hxg6 12.Qe2 Nh5 13.Na3 f5 14.Nc4 Nf4 15.Bxf4 exf4 
16.Rfe1 Be7 17.Qe6+ Qxe6 18.Rxe6 Bf6 19.Rae1 Kc7 20.a4 f3 21.gxf3 Rxh3 22.Kg2 
Rdh8 23.Rg1 g5 24.Ree1 Ne7 25.Rh1 Rxh1 26.Rxh1 Rxh1 27.Kxh1 Ng6 28.Ne3 Ne7 
29.Kg2 g6 30.Bb3 Kc6 31.Bf7 a6 32.Kf1 b5 33.axb5+ axb5 34.Be8+ Kb6 35.Ke2 b4 
36.Kd2 bxc3+ 37.bxc3 Kc7 38.Bxg6 Bxc3+ 39.Kxc3 Nxg6 40.Nxf5 Ne5 41.Ng3 Nxf3 
42.Ne4 Kc6 43.Kc4 Ne5+ 44.Kc3 Ng4 45.f3 Ne5 46.Nxg5 Kd5 47.f4 Ng4 48.Nf3 Ne3 
49.Nh4 Ng4 50.Nf5 Nf2 51.Ne3+ Kd6 52.Kc4 Nh3 53.Ng2 Nf2 54.Nh4 Nd1 55.Nf5+ Kc6 
56.Kb3 Kd5 57.Kc2 Nf2 58.Kd2 Nh3 59.Ne3+ Kd4 60.f5 Nf4 61.Nc4 Nxd3 62.f6 Nf4 
63.f7 Ng6 64.Nd6 Kd5 65.Nf5 Ke6 66.Nh6 Kf6 67.Kd3 Kg7 68.Nf5+ Kxf7 69.Kc4 Ne5+ 
70.Kxc5 1/2-1/2

[Event "Jan Macieja Memorial"]
[Site "Warsaw POL"]
[Date "2023.07.10"]
[Round "10.19"]
[White "Chomczyk, Marek"]
[Black "Sliwicki, Damian"]
[Result "0-1"]
[WhiteElo "2217"]
[BlackElo "2005"]
[EventDate "2023.07.10"]
[PlyCount "56"]

1.c4 c5 2.g3 g6 3.Bg2 Bg7 4.Nc3 Nc6 5.Nf3 e5 6.a3 Nge7 7.d3 O-O 8.Nd2 Kh8 9.Rb1 
a5 10.Nf1 f5 11.Bg5 Qe8 12.Ne3 f4 13.Ned5 Nxd5 14.Nxd5 Rb8 15.g4 d6 16.f3 Be6 
17.Nc7 Qf7 18.Nxe6 Qxe6 19.Bh4 b5 20.Bf2 bxc4 21.dxc4 Nd4 22.Qa4 e4 23.fxe4 
Qxg4 24.Bf1 f3 25.e3 Qxe4 26.Qd1 Rb3 27.h4 Rxe3+ 28.Kd2 Bh6 0-1

[Event "Jan Macieja Memorial"]
[Site "Warsaw POL"]
[Date "2023.07.10"]
[Round "10.20"]
[White "Jedrusik, Adam"]
[Black "Kopczynski, Michal"]
[Result "1/2-1/2"]
[WhiteElo "2023"]
[BlackElo "2210"]
[EventDate "2023.07.10"]
[PlyCount "148"]

1.d4 Nf6 2.c4 g6 3.Nc3 Bg7 4.e4 d6 5.f3 O-O 6.Be3 Na6 7.Nge2 c5 8.d5 Nc7 9.a4 
a6 10.Ng3 Rb8 11.Qd2 Bd7 12.a5 b5 13.axb6 Rxb6 14.Be2 Qb8 15.Ra2 e6 16.O-O exd5 
17.exd5 Re8 18.Bd3 Nfxd5 19.Nxd5 Nxd5 20.cxd5 Rxe3 21.Kh1 Re8 22.Rb1 Bb5 23.Ne4 
f5 24.Ng5 Bxd3 25.Qxd3 Rxb2 26.Raxb2 Qxb2 27.Ne6 Qa2 28.Rb7 Be5 29.g3 c4 30.Qe3 
Qa1+ 31.Kg2 Bg7 32.Qb6 Bf8 33.Qc7 Re7 34.Qc8 Qf6 35.Rb8 Rf7 36.Qxc4 h5 37.Qxa6 
Kh7 38.Rxf8 Rxf8 39.Nxf8+ Qxf8 40.Qb7+ Kh6 41.Qc6 Qf6 42.Qc1+ Kh7 43.Qc7+ Kh6 
44.Qc1+ g5 45.h4 f4 46.hxg5+ Kxg5 47.Qc4 Qb2+ 48.Kh3 fxg3 49.Qh4+ Kh6 50.Qf4+ 
Kh7 51.Qf5+ Kh6 52.Qe6+ Kg5 53.Qe7+ Kf5 54.Qe6+ Kg5 55.Qe7+ Qf6 56.Qe3+ Qf4 
57.Qe7+ Kg6 58.Qe6+ Qf6 59.Qe8+ Qf7 60.Qc6 Qf5+ 61.Kxg3 Qe5+ 62.Kg2 Kf5 63.Qd7+ 
Kf4 64.Qf7+ Ke3 65.Kh3 Kd4 66.Kh4 Qxd5 67.Qxd5+ Kxd5 68.Kxh5 Ke5 69.Kg5 d5 
70.f4+ Ke6 71.Kg6 Ke7 72.Kg7 Ke6 73.Kg6 Ke7 74.Kg7 Ke6 1/2-1/2

[Event "Jan Macieja Memorial"]
[Site "Warsaw POL"]
[Date "2023.07.10"]
[Round "10.21"]
[White "Szewczyk, Mariusz"]
[Black "Ladan, Nicholas"]
[Result "0-1"]
[WhiteElo "1994"]
[BlackElo "2162"]
[EventDate "2023.07.10"]
[PlyCount "74"]

1.e4 e5 2.Nf3 Nc6 3.Bc4 Nf6 4.d3 h6 5.O-O d6 6.h3 g6 7.Be3 Bg7 8.c3 O-O 9.Nbd2 
Na5 10.Bb3 Nxb3 11.axb3 c5 12.d4 exd4 13.cxd4 Qe7 14.e5 dxe5 15.dxe5 Nd5 16.Re1 
Be6 17.Ne4 Nxe3 18.Rxe3 Rfd8 19.Qc2 b6 20.Rae1 Rd5 21.Nc3 Rd4 22.Nb5 Rb4 23.Nd6 
Bd5 24.Nc4 Qe6 25.Rc3 a5 26.Qe2 a4 27.Nfd2 axb3 28.f4 Ra2 29.Rb1 Bf8 30.Ne3 Bb7 
31.Rc4 Ba6 32.Ne4 Bxc4 33.Nf6+ Qxf6 34.Nxc4 Qxf4 35.Nd2 Rd4 36.Nf3 Qe4 37.Qf2 
Qxb1+ 0-1

[Event "Jan Macieja Memorial"]
[Site "Warsaw POL"]
[Date "2023.07.10"]
[Round "10.22"]
[White "Minald, Andrey"]
[Black "Tsiapko, Andrii"]
[Result "0-1"]
[WhiteElo "2155"]
[BlackElo "1903"]
[EventDate "2023.07.10"]
[PlyCount "121"]

1.c4 e6 2.Nf3 Nf6 3.g3 d5 4.Bg2 Be7 5.O-O O-O 6.b3 c5 7.Bb2 d4 8.e3 Nc6 9.exd4 
cxd4 10.d3 Re8 11.Nbd2 e5 12.a3 a5 13.h3 Bf8 14.Qc2 Bf5 15.Nh4 Be6 16.Rae1 Qc7 
17.Bc1 Rad8 18.Re2 Bc8 19.Rfe1 h6 20.Nf1 b6 21.g4 Bb7 22.g5 hxg5 23.Bxg5 Nh5 
24.Bxd8 Qxd8 25.Nf5 Nf4 26.Re4 Qg5 27.N5g3 f5 28.Rxf4 Qxf4 29.Qe2 Re7 30.Qh5 
Qh6 31.Bd5+ Kh8 32.Qxh6+ gxh6 33.Nxf5 Re8 34.N1g3 Nd8 35.Bxb7 Nxb7 36.a4 Nc5 
37.Ne4 Nxd3 38.Rd1 Nc5 39.Nf6 Re6 40.Nd5 Rg6+ 41.Kf1 Bg7 42.Nfe7 Re6 43.Nc8 
Nxb3 44.Ncxb6 Nc5 45.Rb1 Rg6 46.Rb5 Bf8 47.Rxa5 d3 48.Ra8 Kg7 49.Rxf8 Kxf8 
50.Ke1 e4 51.Kd2 Rg2 52.Ke3 Rh2 53.Nf4 Rh1 54.Nbd5 Nb3 55.Kxe4 d2 56.Ne3 d1=Q 
57.Nxd1 Rxd1 58.Ne6+ Ke7 59.Nc7 Rd4+ 60.Ke3 Rxc4 61.Kd3 0-1

[Event "Jan Macieja Memorial"]
[Site "Warsaw POL"]
[Date "2023.07.10"]
[Round "10.23"]
[White "Babiarz, Arkadiusz"]
[Black "Niezhentsev, Kyrylo"]
[Result "0-1"]
[WhiteElo "1895"]
[BlackElo "2151"]
[EventDate "2023.07.10"]
[PlyCount "50"]

1.e4 c5 2.Nf3 d6 3.c3 Nf6 4.h3 Nc6 5.Bd3 g6 6.Bc2 Bg7 7.O-O O-O 8.d4 cxd4 
9.cxd4 Nb4 10.Nc3 Nxc2 11.Qxc2 Be6 12.Be3 Rc8 13.Rfe1 Bc4 14.Rac1 b5 15.b3 Be6 
16.Qd3 b4 17.Ne2 Qa5 18.Qb1 d5 19.e5 Bf5 20.Qb2 Ne4 21.Nd2 Nc3 22.Ra1 Nxe2+ 
23.Rxe2 Rc2 24.Nc4 Rxb2 25.Nxa5 Rxe2 0-1

[Event "Jan Macieja Memorial"]
[Site "Warsaw POL"]
[Date "2023.07.10"]
[Round "10.24"]
[White "Golecki, Jan"]
[Black "Kotowicz, Kamil"]
[Result "1-0"]
[WhiteElo "2122"]
[BlackElo "1726"]
[EventDate "2023.07.10"]
[PlyCount "85"]

1.e4 e6 2.d4 d5 3.Nd2 dxe4 4.Nxe4 b6 5.Nf3 Bb7 6.Bd3 Nd7 7.Qe2 Ngf6 8.Bg5 Be7 
9.h4 h6 10.Bf4 a6 11.O-O-O O-O 12.Rhg1 Nxe4 13.Bxe4 Bxe4 14.Qxe4 Nf6 15.Qe2 Nd5 
16.Bd2 Qc8 17.g4 c5 18.g5 hxg5 19.Bxg5 Bxg5+ 20.Nxg5 Nf6 21.Ne4 Nxe4 22.Qxe4 
cxd4 23.Qg4 g6 24.Qxd4 Qc5 25.Qf4 Rac8 26.c3 Qf5 27.Qe3 b5 28.Rg5 Qf6 29.a3 a5 
30.Rxb5 Rfd8 31.Rxd8+ Rxd8 32.Qg5 Qxg5+ 33.Rxg5 Ra8 34.h5 Kg7 35.hxg6 fxg6 
36.a4 Kf6 37.f4 Ra7 38.Kc2 Rh7 39.Rxa5 Rh4 40.Ra8 Rxf4 41.Rf8+ Ke5 42.Rxf4 Kxf4 
43.a5 1-0

[Event "Jan Macieja Memorial"]
[Site "Warsaw POL"]
[Date "2023.07.10"]
[Round "10.25"]
[White "Krogulski, Maksymilian"]
[Black "Zubova, Mariya"]
[Result "0-1"]
[WhiteElo "1750"]
[BlackElo "2116"]
[EventDate "2023.07.10"]
[PlyCount "122"]

1.e4 c5 2.Nf3 Nc6 3.c3 Nf6 4.e5 Nd5 5.d4 cxd4 6.cxd4 d6 7.exd6 e6 8.Bc4 Bxd6 
9.Bxd5 exd5 10.Nc3 Be6 11.O-O O-O 12.Bg5 f6 13.Be3 Bf7 14.Qd2 Re8 15.a3 Na5 
16.Rac1 Nb3 17.Qc2 Nxc1 18.Rxc1 Rc8 19.Qb3 Qb6 20.Qxb6 axb6 21.Kf1 g5 22.h3 h5 
23.Nb5 Rxc1+ 24.Bxc1 Rc8 25.Nc3 b5 26.Bd2 b4 27.axb4 Bxb4 28.Ke2 Bd6 29.Nb5 Bb8 
30.Nc3 Kg7 31.h4 g4 32.Ne1 Re8+ 33.Kd1 Bg6 34.g3 Be4 35.Be3 Bd6 36.Nc2 Bf3+ 
37.Kc1 Kg6 38.Nb5 Bb8 39.Nc3 Re7 40.Nb4 Bxg3 41.Nbxd5 Bxd5 42.Nxd5 Rd7 43.Nxf6 
Rc7+ 44.Kd2 Bxh4 45.Nd5 Rd7 46.Nf4+ Kf5 47.Nxh5 Bg5 48.Ng3+ Kg6 49.Ne4 Rxd4+ 
50.Kc3 Rxe4 51.Bd4 Bf6 52.Bxf6 Kxf6 53.Kd3 Rb4 54.Kc2 Rf4 55.Kb1 Rxf2 56.Ka1 g3 
57.Ka2 g2 58.Ka1 g1=Q+ 59.Ka2 Qc1 60.Kb3 Rxb2+ 61.Ka3 Qa1# 0-1

[Event "Jan Macieja Memorial"]
[Site "Warsaw POL"]
[Date "2023.07.10"]
[Round "10.26"]
[White "Redzisz, Michal"]
[Black "Bury, Milosz"]
[Result "1-0"]
[WhiteElo "2103"]
[BlackElo "1651"]
[EventDate "2023.07.10"]
[PlyCount "54"]

1.e3 d5 2.Nc3 Nf6 3.Nf3 Bf5 4.Bd3 Bg6 5.O-O e6 6.Ne5 Nbd7 7.f4 Bd6 8.Nxg6 hxg6 
9.Nb5 Be7 10.c4 c6 11.Nd4 Nc5 12.Be2 a5 13.cxd5 exd5 14.b3 Qc7 15.Bb2 Nce4 
16.Rc1 Qd7 17.Nf3 Bd6 18.Ne5 Qe6 19.d3 Nc5 20.Qd2 Ncd7 21.Nf3 Ng4 22.e4 dxe4 
23.Nd4 e3 24.Qe1 Qd5 25.Bxg4 Nf6 26.Qxe3+ Kd8 27.Bf3 Qc5 1-0

[Event "Jan Macieja Memorial"]
[Site "Warsaw POL"]
[Date "2023.07.10"]
[Round "10.27"]
[White "Mickiewicz, Piotr"]
[Black "Celinski, Kamil"]
[Result "1-0"]
[WhiteElo "2224"]
[BlackElo "1855"]
[EventDate "2023.07.10"]
[PlyCount "60"]

1.Nf3 c5 2.e4 d6 3.d4 cxd4 4.Nxd4 Nf6 5.Nc3 a6 6.Be3 e5 7.Nb3 Be7 8.f4 Ng4 
9.Bd2 Nc6 10.Qf3 exf4 11.Bxf4 Nce5 12.Qe2 O-O 13.h3 Nf6 14.O-O-O Ng6 15.Be3 Be6 
16.Nd4 Bd7 17.Qf2 Rc8 18.Qe1 b5 19.a3 Ne5 20.Nf5 Bxf5 21.exf5 Qd7 22.Bd4 Qxf5 
23.g4 Qe6 24.Bg2 Nc4 25.g5 Nd7 26.h4 Qxe1 27.Rhxe1 Rfe8 28.Bb7 Rc7 29.Bxa6 Kf8 
30.Nd5 Rcc8 1-0

[Event "Jan Macieja Memorial"]
[Site "Warsaw POL"]
[Date "2023.07.10"]
[Round "10.28"]
[White "Taranowicz, Michal"]
[Black "Cukrowski, Filip"]
[Result "0-1"]
[WhiteElo "1975"]
[BlackElo "2258"]
[EventDate "2023.07.10"]
[PlyCount "80"]

1.e4 c5 2.Nf3 e6 3.d4 cxd4 4.Nxd4 Nc6 5.Nc3 Qc7 6.Nxc6 bxc6 7.Bd3 d5 8.O-O Nf6 
9.Re1 Be7 10.e5 Nd7 11.f4 Ba6 12.Bxa6 Qb6+ 13.Kh1 Qxa6 14.f5 c5 15.Qh5 d4 
16.Ne4 g6 17.fxg6 fxg6 18.Qh6 O-O-O 19.Bg5 Bxg5 20.Qxg5 Kc7 21.Nd6 Nxe5 22.Rxe5 
Qxd6 23.Rxc5+ Kb7 24.Re1 Rhf8 25.Rce5 Rf5 26.Qg3 Qxe5 27.Qxe5 Rxe5 28.Rxe5 Rd6 
29.Kg1 Rc6 30.Re2 Kc7 31.Kf2 Kd6 32.Kf3 Kd5 33.Rd2 e5 34.b3 e4+ 35.Ke2 e3 
36.c4+ Ke4 37.Rd1 Rf6 38.c5 d3+ 39.Ke1 e2 40.Rc1 Ke5 0-1

[Event "Jan Macieja Memorial"]
[Site "Warsaw POL"]
[Date "2023.07.10"]
[Round "10.29"]
[White "Marcinczyk, Monika"]
[Black "Fistek, Dariusz"]
[Result "0-1"]
[WhiteElo "1945"]
[BlackElo "2159"]
[EventDate "2023.07.10"]
[PlyCount "97"]

1.e4 c5 2.Nf3 d6 3.d4 cxd4 4.Nxd4 Nf6 5.Nc3 Nc6 6.Be2 e5 7.Nb3 Be7 8.Be3 O-O 
9.f3 Be6 10.Nd5 Bxd5 11.exd5 Nb4 12.c4 a5 13.O-O a4 14.Nd2 Qa5 15.a3 Na6 16.b4 
axb3 17.Nxb3 Qc7 18.Qd2 Nd7 19.Rfc1 Nac5 20.Qb4 Ra4 21.Qb5 Rfa8 22.Nxc5 Nxc5 
23.Bxc5 Qxc5+ 24.Qxc5 dxc5 25.Rc3 Bd8 26.Rb3 R8a7 27.Rab1 b6 28.Ra1 Kf8 29.Kf2 
Ke7 30.Ke3 Kd6 31.Kd3 f5 32.Bd1 R4a6 33.Rc3 e4+ 34.fxe4 fxe4+ 35.Kxe4 Bf6 
36.Rac1 Bxc3 37.Rxc3 Rxa3 38.Bb3 Re7+ 39.Kf3 Re1 40.Rd3 Rb1 41.Bc2 Rxd3+ 
42.Bxd3 Rb3 43.Ke2 h6 44.Ke3 Ke5 45.Kd2 Rb2+ 46.Bc2 Ra2 47.Kc3 Ra1 48.g4 Rh1 
49.Bf5 0-1

[Event "Jan Macieja Memorial"]
[Site "Warsaw POL"]
[Date "2023.07.10"]
[Round "10.30"]
[White "Kaliszuk, Kamil"]
[Black "Paprocki, Antoni"]
[Result "0-1"]
[WhiteElo "2134"]
[BlackElo "1978"]
[EventDate "2023.07.10"]
[PlyCount "98"]

1.e4 c6 2.Nf3 d5 3.Nc3 Bg4 4.h3 Bxf3 5.Qxf3 e6 6.d3 Nd7 7.Bd2 Qb6 8.O-O-O d4 
9.Ne2 a5 10.Qg3 a4 11.f4 a3 12.b3 Ngf6 13.Qf2 Bc5 14.g4 Nxe4 15.dxe4 d3 16.Qf3 
dxe2 17.Bxe2 Bd4 18.Bc3 Bxc3 19.Qxc3 Nf6 20.Bf3 O-O 21.g5 Ne8 22.h4 Ra5 23.Kb1 
Nc7 24.Qd4 Qxd4 25.Rxd4 e5 26.fxe5 Rxe5 27.Rd7 Nb5 28.c4 Nc3+ 29.Kc2 Nxa2 
30.Rxb7 c5 31.Ra1 Nb4+ 32.Kc3 a2 33.Rxb4 cxb4+ 34.Kxb4 Rb8+ 35.Kc3 Ra8 36.b4 
Ra3+ 37.Kd4 Re8 38.Bg4 Rd8+ 39.Kc5 Rda8 40.b5 Rb3 41.Kb6 Rb1 42.Rxa2 Rxa2 43.c5 
Rab2 44.Bd7 Kf8 45.Kc7 Rxb5 46.Bxb5 Rxb5 47.c6 Ke7 48.Kc8 Rc5 49.Kb7 Kd6 0-1

[Event "Jan Macieja Memorial"]
[Site "Warsaw POL"]
[Date "2023.07.10"]
[Round "10.31"]
[White "Fiszer, Bartosz"]
[Black "Podgorski, Maciej"]
[Result "1-0"]
[WhiteElo "2132"]
[BlackElo "1945"]
[EventDate "2023.07.10"]
[PlyCount "103"]

1.e4 e5 2.Nf3 Nc6 3.Bb5 Nf6 4.O-O Nxe4 5.Re1 Nd6 6.Nxe5 Nxe5 7.Rxe5+ Be7 8.Bf1 
O-O 9.d4 Bf6 10.Re1 Re8 11.c3 Rxe1 12.Qxe1 Ne8 13.Bf4 d5 14.Bd3 c6 15.Nd2 Be6 
16.Nf3 Nd6 17.Be5 Bf5 18.Bf1 Be4 19.Nd2 Bg6 20.Qe2 Qe7 21.Re1 h6 22.Bxf6 Qxf6 
23.Qe7 Qf4 24.Qe3 Qxe3 25.Rxe3 Kf8 26.f3 Nf5 27.Re2 h5 28.Kf2 h4 29.g3 hxg3+ 
30.hxg3 f6 31.Re1 Kf7 32.Bd3 Ne7 33.Rxe7+ Kxe7 34.Bxg6 Rh8 35.Kg2 Kd6 36.Bd3 
Re8 37.Kf2 Rh8 38.Nf1 b5 39.a3 a5 40.Ne3 Rh2+ 41.Ng2 Rh1 42.Bf1 g6 43.Nh4 g5 
44.Nf5+ Ke6 45.g4 Rh2+ 46.Bg2 Rh8 47.b4 axb4 48.axb4 Ra8 49.Ne3 Ra2+ 50.Ke1 Ra3 
51.Kd2 Ra2+ 52.Nc2 1-0

[Event "Jan Macieja Memorial"]
[Site "Warsaw POL"]
[Date "2023.07.10"]
[Round "10.32"]
[White "Rekuc, Patryk"]
[Black "Siekanska, Maria"]
[Result "1/2-1/2"]
[WhiteElo "2108"]
[BlackElo "1902"]
[EventDate "2023.07.10"]
[PlyCount "130"]

1.e4 c5 2.Nf3 d6 3.Bb5+ Bd7 4.Bxd7+ Qxd7 5.c4 g6 6.O-O Bg7 7.Nc3 Nc6 8.d3 Nf6 
9.h3 O-O 10.Nh2 e5 11.Bg5 h6 12.Be3 Kh7 13.f4 exf4 14.Bxf4 Nh5 15.Ng4 Nxf4 
16.Rxf4 f5 17.exf5 Rxf5 18.Rxf5 Qxf5 19.Qd2 Rf8 20.Ne4 Ne5 21.Nxe5 Qxe5 22.Re1 
Qd4+ 23.Kh1 b6 24.Qe2 d5 25.cxd5 Qxd5 26.b3 Rd8 27.Rd1 a5 28.Qf2 Qe6 29.Qf3 Qe7 
30.Qg3 Be5 31.Qf3 Rf8 32.Qe2 Bd4 33.Rf1 Rxf1+ 34.Qxf1 b5 35.Qf4 Kg7 36.g3 a4 
37.Kg2 axb3 38.axb3 b4 39.h4 h5 40.Qb8 Qf7 41.Qd6 Qxb3 42.Ng5 Qc2+ 43.Kh3 Qf2 
44.Qe7+ Kg8 45.Qe8+ Kg7 46.Qe7+ Kg8 47.Qe8+ Kg7 48.Qd7+ Kg8 49.Qd8+ Kg7 50.Qe7+ 
Kg8 51.Qe8+ Kg7 52.Qd7+ Kg8 53.Qc8+ Kg7 54.Qc7+ Kg8 55.Qd8+ Kg7 56.Qe7+ Kg8 
57.Qe6+ Kg7 58.Qd7+ Kg8 59.Qd5+ Kg7 60.Ne6+ Kh6 61.Qg5+ Kh7 62.Qe7+ Kh6 63.Qg5+ 
Kh7 64.Qe7+ Kh6 65.Qg5+ Kh7 1/2-1/2